书目信息 |
| 题名: |
人生相遇函数
|
|
| 作者: | 赵焕光 , 黄忠裕 著 | |
| 分册: | ||
| 出版信息: | 北京 科学出版社 2013.10 |
|
| 页数: | 227页 | |
| 开本: | 24cm | |
| 丛书名: | 文化数学欣赏丛书 | |
| 单 册: | ||
| 中图分类: | O174-49 | |
| 科图分类: | ||
| 主题词: | 函数 , 函数--普及读物 | |
| 电子资源: | ||
| ISBN: | 978-7-03-038876-6 | |
| 000 | 01157nam0 2200313 450 | |
| 001 | 0100140481 | |
| 005 | 20141020221215.0 | |
| 010 | @a978-7-03-038876-6@dCNY59.00 | |
| 100 | @a20131217d2013 em y0chiy50 ea | |
| 101 | 0 | @achi |
| 101 | 11 | @achi |
| 102 | @aCN@b110000 | |
| 105 | @ay z 000yy | |
| 106 | @ar | |
| 200 | 1 | @a人生相遇函数@Aren sheng xiang yu han shu@9ren sheng xiang yu han shu@b专著@f赵焕光,黄忠裕著@Fzhao huan guang huang zhong yu zhu |
| 210 | @a北京@c科学出版社@d2013.10 | |
| 215 | @a227页@d24cm | |
| 225 | 1 | @a文化数学欣赏丛书@v2@f赵焕光主编 |
| 300 | @a浙江省温州人经济研究中心、温州大学社科联资助 | |
| 330 | @a本书从数学学科的特色、人文欣赏的视野着手,运用通俗的语言、生动的例子介绍函数的数学文化内涵及其函数知识在现实世界中的广泛应用,主要内容包括函数概念图像常识及其美学欣赏、相遇比例函数、相遇增长函数、相遇周期函数的数学文化内涵欣赏及其实际应用。 | |
| 540 | @a人生相遇函数 | |
| 606 | 0 | @a函数 |
| 606 | 0 | @a函数@j普及读物 |
| 690 | @aO174-49@v5 | |
| 701 | 0 | @a赵焕光@Azhao huan guang@4著 |
| 701 | 1 | @a黄忠裕@Ahuang zhong yu@4著 |
| 801 | @aCN | |
| 901 | @a001 | |
| 905 | @b1103221-3@dO174-49@eZ301@f3@a241430 | |
| 人生相遇函数/赵焕光,黄忠裕著.-北京:科学出版社,2013.10 |
| 227页;24cm.-(文化数学欣赏丛书;2/赵焕光主编) |
| 浙江省温州人经济研究中心、温州大学社科联资助 |
| ISBN 978-7-03-038876-6:CNY59.00 |
| 本书从数学学科的特色、人文欣赏的视野着手,运用通俗的语言、生动的例子介绍函数的数学文化内涵及其函数知识在现实世界中的广泛应用,主要内容包括函数概念图像常识及其美学欣赏、相遇比例函数、相遇增长函数、相遇周期函数的数学文化内涵欣赏及其实际应用。 |
| ● |
| 相关链接 |
|
|
|
正题名:人生相遇函数
索取号:O174-49/Z301
 
预约/预借
| 序号 | 登录号 | 条形码 | 馆藏地/架位号 | 状态 | 备注 |
| 1 | 1103221 | 211032210 | 自科库401/401自科库 44排4列3层/ [索取号:O174-49/Z301] | 在馆 | |
| 2 | 1103222 | 211032229 | 自科库401/401自科库 44排4列3层/ [索取号:O174-49/Z301] | 在馆 | |
| 3 | 1103223 | 211032238 | 自科库401/401自科库 44排4列3层/ [索取号:O174-49/Z301] | 在馆 |